| 000 | 00536nam a2200193Ia 4500 | ||
|---|---|---|---|
| 008 | 191130s2009##################000#0#eng## | ||
| 020 | _a9780091930455 | ||
| 040 |
_aACL _cACL |
||
| 082 | _a641.5945 CON | ||
| 100 | _aContini, Mary | ||
| 245 |
_aValvona & Crolla : a year at an Italian table _cMary Contini |
||
| 260 |
_aLondon _bEbury _c2009 |
||
| 300 | _a320 p. : col. ill. ; 26 cm | ||
| 500 | _aIncludes index | ||
| 650 | _aCooking, Italian | ||
| 990 | _a773cc139ac10000c17396dae9fdd8243 | ||
| 991 | _a316301 | ||
| 999 |
_c87981 _d87981 |
||